[Event "San Francisco Mechanics Institute op"]
[Site "San Francisco"]
[Date "2019.05.02"]
[Round "1"]
[White "Izoria, Zviad"]
[Black "Mont Reynaud, Jordy"]
[Result "1-0"]
[WhiteElo "2599"]
[BlackElo "2249"]
[PlyCount "107"]
[EventDate "2019.05.02"]
[EventType "swiss (rapid)"]
[EventRounds "5"]
[EventCountry "USA"]
[SourceTitle "CBM 190 Extra"]
[Source "ChessBase"]
[SourceDate "2019.07.15"]
[SourceVersion "1"]
[SourceVersionDate "2019.07.15"]
[SourceQuality "1"]

1. Nf3 g6 2. d4 Bg7 3. e4 d6 4. Bc4 e6 5. Bb3 b6 6. 0-0 Bb7 7. Re1 Ne7 8. Nbd2 h5 9. Nf1 Qd7 10. c3 a5 11. h4 Na6 12. Ng5 Ng8 13. d5 e5 14. Ba4 b5 15. Bc2 Nc5 16. Be3 f6 17. Nf3 Nh6 18. Bxc5 dxc5 19. a4 b4 20. Bd3 0-0 21. Bb5 Qe7 22. Ne3 Nf7 23. cxb4 cxb4 24. Nc4 Rfd8 25. Qe2 Nd6 26. Nxd6 cxd6 27. Rac1 Rdc8 28. Bc6 Ba6 29. Qe3 Rab8 30. Nd2 f5 31. Nf3 f4 32. Qd2 Bf6 33. g3 Rf8 34. Kg2 Bc8 35. Bb5 Bg4 36. Be2 g5 37. hxg5 Bxg5 38. Nxg5 Qxg5 39. f3 Bh3+ 40. Kh1 Rb7 41. Rg1 Rg7 42. Rc6 Qe7 43. Qe1 Bd7 44. gxf4 Bxc6 45. Rxg7+ Kxg7 46. Qg3+ Kh8 47. dxc6 exf4 48. Qh3 Qg5 49. Bc4 Qc5 50. Qe6 d5 51. Qh6+ Kg8 52. Bxd5+ Rf7 53. Qg6+ Kh8 54. Bxf7 1-0

[Event "Budapest FS07 IM-A"]
[Site "Budapest"]
[Date "2000.07.13"]
[Round "13"]
[White "Lindgren, Fredrik"]
[Black "Mont Reynaud, Jordy"]
[Result "1/2-1/2"]
[WhiteElo "2177"]
[BlackElo "2282"]
[PlyCount "96"]
[EventDate "2000.07.03"]
[EventType "tourn"]
[EventRounds "13"]
[EventCountry "HUN"]
[EventCategory "2"]
[SourceTitle "CBM 077 Extra"]
[Source "ChessBase"]
[SourceDate "2000.09.14"]
[SourceVersion "1"]
[SourceVersionDate "2000.09.14"]
[SourceQuality "1"]

1. d4 Nf6 2. c4 g6 3. Nc3 d5 4. f3 Bg7 5. e4 dxe4 6. fxe4 c5 7. d5 e5 8. Qf3 a6 9. Bd3 0-0 10. h3 Ne8 11. Be3 Nd7 12. Nge2 Nd6 13. g4 b5 14. cxb5 c4 15. Bc2 axb5 16. 0-0 b4 17. Na4 f5 18. gxf5 gxf5 19. Nc5 fxe4 20. Qg2 Nf6 21. Bh6 Ra7 22. Kh1 Nf5 23. Bg5 Qxd5 24. Nxe4 Nxe4 25. Bxe4 Qxe4 26. Qxe4 Bb7 27. Qxb7 Rxb7 28. Rac1 b3 29. a3 Rc7 30. Rg1 Nd4 31. Nc3 Kh8 32. Rgf1 Nf3 33. Ne4 c3 34. bxc3 b2 35. Rb1 Nxg5 36. Rxf8+ Bxf8 37. Nxg5 Bxa3 38. Rg1 h6 39. Ne4 Rf7 40. Re1 Rf4 41. Nd2 Rf2 42. Nc4 Rc2 43. Nxa3 Rc1 44. Rg1 Rxc3 45. Nb1 Rc1 46. Kh2 e4 47. Na3 e3 48. Rg2 b1Q 1/2-1/2

[Event "Budapest FS07 IM-A"]
[Site "Budapest"]
[Date "2000.07.07"]
[Round "7"]
[White "Mont Reynaud, Jordy"]
[Black "Kahn, Evarth"]
[Result "1-0"]
[WhiteElo "2282"]
[BlackElo "2301"]
[PlyCount "91"]
[EventDate "2000.07.03"]
[EventType "tourn"]
[EventRounds "13"]
[EventCountry "HUN"]
[EventCategory "2"]
[SourceTitle "CBM 077 Extra"]
[Source "ChessBase"]
[SourceDate "2000.09.14"]
[SourceVersion "1"]
[SourceVersionDate "2000.09.14"]
[SourceQuality "1"]

1. d4 Nf6 2. c4 e5 3. dxe5 Ng4 4. Bf4 Bb4+ 5. Nc3 Nc6 6. Nf3 Qe7 7. Qd5 Bxc3+ 8. bxc3 f6 9. exf6 Nxf6 10. Qd3 d6 11. e3 Ne4 12. Nd4 Nc5 13. Qd1 Ne5 14. Be2 0-0 15. 0-0 b6 16. Bxe5 dxe5 17. Nc6 Qf6 18. Nb4 c6 19. f4 Qg6 20. fxe5 Rxf1+ 21. Bxf1 Qg5 22. Qd4 Bf5 23. Qf4 Qg6 24. Nxc6 Qxc6 25. Qxf5 Rf8 26. Qg4 Qc7 27. Re1 Qxe5 28. Qd4 Qe7 29. Be2 Rd8 30. Qf4 Rf8 31. Qg3 Ne4 32. Qg4 Nxc3 33. Bf3 Nxa2 34. c5 Kh8 35. Qc4 Qg5 36. Kh1 Qxc5 37. Qxa2 Qc3 38. Qe2 a5 39. e4 a4 40. e5 a3 41. Bd5 Qc5 42. Bb3 b5 43. e6 Qc3 44. e7 Re8 45. Bf7 a2 46. Bxa2 1-0

[Event "Hotel Irottko IM"]
[Site "Koszeg"]
[Date "2000.06.27"]
[Round "7"]
[White "Mont Reynaud, Jordy"]
[Black "Nemeth, Miklos"]
[Result "1/2-1/2"]
[WhiteElo "2282"]
[BlackElo "2127"]
[PlyCount "88"]
[EventDate "2000.06.??"]
[EventType "tourn"]
[EventRounds "11"]
[EventCountry "HUN"]
[EventCategory "3"]
[SourceTitle "EXT 2002"]
[Source "ChessBase"]
[SourceDate "2001.11.25"]
[SourceVersion "1"]
[SourceVersionDate "2001.11.25"]
[SourceQuality "1"]

1. d4 d5 2. Nf3 Nc6 3. Bf4 Bg4 4. e3 e6 5. c4 Bd6 6. Bxd6 Qxd6 7. Nc3 Nge7 8. a3 a5 9. Bd3 Bxf3 10. Qxf3 0-0 11. 0-0 Rad8 12. Nb5 Qd7 13. Qg3 Rc8 14. Qh3 f5 15. Rad1 Rf6 16. f3 Rh6 17. Qg3 Ng6 18. Qe1 Rf8 19. Bb1 f4 20. e4 Nh4 21. cxd5 exd5 22. Ba2 Nxg2 23. Qf2 Ne3 24. exd5 Nb4 25. axb4 Qxb5 26. d6+ Kh8 27. dxc7 Nxd1 28. Rxd1 Qc6 29. d5 Qxc7 30. Qc5 Qd8 31. d6 Qh4 32. Qc2 Re8 33. Qd2 Qh3 34. Bf7 Rd8 35. d7 Rxd7 36. Re1 Rg6+ 37. Bxg6 hxg6 38. Qxf4 axb4 39. Qxb4 Qxf3 40. Qe4 Qxe4 41. Rxe4 Rd1+ 42. Kf2 Rd2+ 43. Re2 Rxe2+ 44. Kxe2 Kh7 1/2-1/2

[Event "Oz.com qual blitz"]
[Site "ICC INT"]
[Date "2000.03.05"]
[Round "6"]
[White "Mikhailuk, Slava"]
[Black "Mont Reynaud, Jordy"]
[Result "1-0"]
[WhiteElo "2440"]
[BlackElo "2282"]
[PlyCount "71"]
[EventDate "2000.03.05"]
[EventType "swiss (blitz)"]
[EventRounds "9"]
[EventCountry "USA"]
[SourceTitle "EXT 2001"]
[Source "ChessBase"]
[SourceDate "2000.11.22"]
[SourceVersion "1"]
[SourceVersionDate "2000.11.22"]
[SourceQuality "1"]

1. e4 c5 2. d4 cxd4 3. Nf3 Nc6 4. c3 d5 5. exd5 Qxd5 6. cxd4 Nf6 7. Nc3 Qd8 8. d5 Nb8 9. Bg5 Bg4 10. Bb5+ Nbd7 11. h3 Bxf3 12. Qxf3 a6 13. Bxd7+ Qxd7 14. 0-0 Ng8 15. Rfe1 h6 16. Bf4 Nf6 17. Be5 Rd8 18. d6 e6 19. Bxf6 gxf6 20. Ne4 Bg7 21. Rac1 f5 22. Nc5 Qxd6 23. Nxb7 Qd5 24. Nxd8 Qxd8 25. Red1 Qb8 26. Qc6+ Ke7 27. Qc7+ Kf6 28. Qxb8 Rxb8 29. b3 Rb6 30. Rd7 Ke5 31. Rxf7 Bh8 32. Rc8 Bf6 33. f4+ Kxf4 34. Rxf6 Rd6 35. Rc4+ Kg3 36. Rg6# 1-0

[Event "Oz.com qual blitz"]
[Site "ICC INT"]
[Date "2000.03.05"]
[Round "5"]
[White "Mont Reynaud, Jordy"]
[Black "Arizmendi Martinez, Julen Luis"]
[Result "1/2-1/2"]
[WhiteElo "2282"]
[BlackElo "2445"]
[PlyCount "109"]
[EventDate "2000.03.05"]
[EventType "swiss (blitz)"]
[EventRounds "9"]
[EventCountry "USA"]
[SourceTitle "EXT 2001"]
[Source "ChessBase"]
[SourceDate "2000.11.22"]
[SourceVersion "1"]
[SourceVersionDate "2000.11.22"]
[SourceQuality "1"]

1. d4 Nf6 2. c4 g6 3. Nc3 Bg7 4. e4 d6 5. Be2 0-0 6. Bg5 h6 7. Be3 c5 8. d5 e6 9. Nf3 exd5 10. cxd5 Re8 11. Nd2 a6 12. a4 Nbd7 13. 0-0 Qc7 14. h3 b6 15. Bf4 Ne5 16. Qc2 g5 17. Bg3 Nfd7 18. Nd1 Ng6 19. Nc4 Nde5 20. Nde3 Nf4 21. Nxe5 Bxe5 22. Bg4 Bxg4 23. Nxg4 Bg7 24. Rfe1 c4 25. Ne3 Nd3 26. Re2 Nxb2 27. Nf5 c3 28. Bxd6 Qc4 29. Ba3 Qd3 30. Nxg7 Qxc2 31. Rxc2 Kxg7 32. Rxc3 Nxa4 33. Rc6 Rxe4 34. d6 Rd8 35. Rc7 Nc5 36. Bb2+ Kg6 37. Rd1 Re6 38. Rc6 Nd7 39. Bd4 Nb8 40. Rxb6 Rexd6 41. Be5 Rxb6 42. Rxd8 Nc6 43. Rd6+ Kh7 44. Kh2 a5 45. Bc3 Ra6 46. Bxa5 Rxa5 47. Rxc6 Kg7 48. f3 f6 49. Kg3 Ra4 50. Rc8 h5 51. Re8 h4+ 52. Kf2 Ra2+ 53. Re2 Ra1 54. Rd2 Kg6 55. Ke3 1/2-1/2

[Event "Oz.com qual blitz"]
[Site "ICC INT"]
[Date "2000.03.05"]
[Round "1"]
[White "Shipov, Sergei"]
[Black "Mont Reynaud, Jordy"]
[Result "1-0"]
[WhiteElo "2640"]
[BlackElo "2282"]
[PlyCount "107"]
[EventDate "2000.03.05"]
[EventType "swiss (blitz)"]
[EventRounds "9"]
[EventCountry "USA"]
[SourceTitle "EXT 2001"]
[Source "ChessBase"]
[SourceDate "2000.11.22"]
[SourceVersion "1"]
[SourceVersionDate "2000.11.22"]
[SourceQuality "1"]

1. d4 Nf6 2. c4 g6 3. Nc3 d5 4. cxd5 Nxd5 5. e4 Nxc3 6. bxc3 Bg7 7. Nf3 c5 8. Rb1 0-0 9. Be2 cxd4 10. cxd4 Qa5+ 11. Bd2 Qxa2 12. 0-0 Bg4 13. Be3 Rd8 14. Rxb7 Nc6 15. d5 e6 16. Rxf7 exd5 17. Rc7 Bxf3 18. Bxf3 dxe4 19. Qe2 Qd5 20. Bg4 Ne5 21. Rxa7 Rxa7 22. Bxa7 h5 23. Bh3 Ra8 24. Be3 Ra2 25. Qd1 Nd3 26. Qb1 Kh7 27. Qb8 Rb2 28. Qc8 Qb5 29. Be6 Qb8 30. Qxb8 Rxb8 31. Bd5 Re8 32. Rb1 Re7 33. h3 Bc3 34. Rb6 Kg7 35. Rb8 Nb4 36. Bc4 Kf6 37. Rc8 Be5 38. h4 Kg7 39. Rg8+ Kh7 40. Rd8 Rc7 41. Bb3 Nd3 42. g3 Rb7 43. Bd5 Rb1+ 44. Kh2 Rd1 45. Rd7+ Kh8 46. Rd8+ Kh7 47. Rd7+ Kh8 48. Bc6 Nxf2 49. Bxf2 Rxd7 50. Bxd7 Bf6 51. Be3 Kg7 52. Bc6 g5 53. hxg5 Be5 54. Kh3 1-0

[Event "San Francisco schev 2nd"]
[Site "San Francisco"]
[Date "1999.04.01"]
[Round "9"]
[White "Mont Reynaud, Jordy"]
[Black "Berry, Jonathan"]
[Result "1-0"]
[WhiteElo "2225"]
[BlackElo "2315"]
[PlyCount "57"]
[EventDate "1999.03.26"]
[EventType "schev"]
[EventRounds "9"]
[EventCountry "USA"]
[SourceTitle "CBM 069 Extra"]
[Source "ChessBase"]
[SourceDate "1999.05.10"]
[SourceVersion "1"]
[SourceVersionDate "1999.05.10"]
[SourceQuality "1"]

1. d4 f5 2. c4 Nf6 3. Nf3 d6 4. g3 c6 5. Bg2 Qc7 6. Nc3 e5 7. d5 Be7 8. 0-0 0-0 9. e4 f4 10. gxf4 exf4 11. Bxf4 Nh5 12. Bg3 Nf4 13. Bxf4 Rxf4 14. Qd2 Rg4 15. Kh1 Na6 16. Nd4 Bg5 17. f4 Bh6 18. Bh3 Rxf4 19. Ne6 Rxf1+ 20. Rxf1 Qe7 21. Qf2 Bd7 22. e5 dxe5 23. Ne4 cxd5 24. cxd5 Bf4 25. d6 Qe8 26. Qg2 Qf7 27. Nxf4 Rf8 28. Bxd7 Qxd7 29. Nd5 1-0

[Event "San Francisco schev 2nd"]
[Site "San Francisco"]
[Date "1999.03.30"]
[Round "7"]
[White "Fuhrmann, Dirk"]
[Black "Mont Reynaud, Jordy"]
[Result "1-0"]
[WhiteElo "2165"]
[BlackElo "2225"]
[PlyCount "95"]
[EventDate "1999.03.26"]
[EventType "schev"]
[EventRounds "9"]
[EventCountry "USA"]
[SourceTitle "CBM 069 Extra"]
[Source "ChessBase"]
[SourceDate "1999.05.10"]
[SourceVersion "1"]
[SourceVersionDate "1999.05.10"]
[SourceQuality "1"]

1. d4 Nf6 2. c4 g6 3. Nc3 d5 4. cxd5 Nxd5 5. e4 Nxc3 6. bxc3 Bg7 7. Nf3 c5 8. Rb1 0-0 9. Be2 Qa5 10. Qd2 Rd8 11. Rb5 Qc7 12. Rxc5 Qxc5 13. dxc5 Rxd2 14. Kxd2 Nc6 15. Kc2 Be6 16. Rd1 Na5 17. Kb2 Rc8 18. Be3 Bc4 19. Bd3 Rd8 20. Ne1 Bb5 21. Rd2 Bxd3 22. Rxd3 Nc4+ 23. Kb3 Rxd3 24. Nxd3 Nxe3 25. fxe3 Bh6 26. Nf4 Kf8 27. Kc4 Ke8 28. Kb5 Kd7 29. Nd5 Bg5 30. a4 e6 31. Nf4 Bf6 32. Kc4 Be5 33. h3 Kc6 34. Ne2 a6 35. Nd4+ Kc7 36. Nf3 Bf6 37. e5 Be7 38. Nd2 Bg5 39. Kd4 f5 40. exf6 Bxf6+ 41. Kc4 h6 42. Ne4 Be5 43. g4 Kc6 44. Nd2 Bf6 45. e4 Be7 46. Nb3 e5 47. Na5+ Kc7 48. Kd5 1-0

[Event "San Francisco schev 2nd"]
[Site "San Francisco"]
[Date "1999.03.29"]
[Round "5"]
[White "Margulis, Igor"]
[Black "Mont Reynaud, Jordy"]
[Result "0-1"]
[WhiteElo "2270"]
[BlackElo "2225"]
[PlyCount "74"]
[EventDate "1999.03.26"]
[EventType "schev"]
[EventRounds "9"]
[EventCountry "USA"]
[SourceTitle "CBM 069 Extra"]
[Source "ChessBase"]
[SourceDate "1999.05.10"]
[SourceVersion "1"]
[SourceVersionDate "1999.05.10"]
[SourceQuality "1"]

1. e4 c5 2. d3 Nc6 3. g3 d6 4. Bg2 g6 5. f4 Bg7 6. Nf3 e6 7. c3 Nge7 8. 0-0 0-0 9. Be3 Rb8 10. a4 a6 11. g4 f5 12. gxf5 exf5 13. Qe1 b6 14. Nbd2 fxe4 15. dxe4 d5 16. Rd1 dxe4 17. Nxe4 Qc7 18. Qe2 Nf5 19. Bc1 h6 20. Ng3 Kh7 21. Nxf5 Bxf5 22. Nh4 Rbe8 23. Qf3 Na5 24. Nxf5 Rxf5 25. Bh3 Rf7 26. f5 Kh8 27. Bf4 Be5 28. Bxh6 Rh7 29. Bg5 Bxh2+ 30. Kg2 gxf5 31. Bf6+ Kg8 32. Bxf5 Rh6 33. Qg4+ Kf8 34. Bg5 Re2+ 35. Qxe2 Qg3+ 36. Kh1 Qxg5 37. Rd5 Bf4+ 0-1

[Event "San Francisco schev 2nd"]
[Site "San Francisco"]
[Date "1999.03.28"]
[Round "3"]
[White "Pruess, David"]
[Black "Mont Reynaud, Jordy"]
[Result "0-1"]
[WhiteElo "2197"]
[BlackElo "2225"]
[PlyCount "120"]
[EventDate "1999.03.26"]
[EventType "schev"]
[EventRounds "9"]
[EventCountry "USA"]
[SourceTitle "CBM 069 Extra"]
[Source "ChessBase"]
[SourceDate "1999.05.10"]
[SourceVersion "1"]
[SourceVersionDate "1999.05.10"]
[SourceQuality "1"]

1. e4 c5 2. Nf3 Nc6 3. d4 cxd4 4. Nxd4 g6 5. Nc3 Bg7 6. Be3 Nf6 7. Nxc6 bxc6 8. e5 Ng8 9. f4 Nh6 10. Qd2 0-0 11. 0-0-0 d6 12. exd6 exd6 13. Bd4 Bxd4 14. Qxd4 Nf5 15. Qd2 d5 16. g4 Nd6 17. f5 gxf5 18. gxf5 Bxf5 19. Bd3 Bg6 20. h4 f5 21. h5 Be8 22. Qh6 Qf6 23. Rdg1+ Kh8 24. Rg6 Bxg6 25. hxg6 Qg7 26. Qg5 Nf7 27. Qxf5 Ne5 28. Rxh7+ Qxh7 29. Qxe5+ Qg7 30. Qh5+ Kg8 31. Nxd5 Rae8 32. Nc7 Rf1+ 33. Kd2 Rf2+ 34. Kd1 Rf1+ 35. Kd2 Rd8 36. Ne6 Rxd3+ 37. Kxd3 Qd7+ 38. Kc3 Rg1 39. Qh7+ Qxh7 40. gxh7+ Kxh7 41. Kc4 Rb1 42. Kc3 Re1 43. Nd4 c5 44. Nb5 a6 45. Nc7 a5 46. Na6 Re3+ 47. Kc4 Re2 48. Kb3 Re5 49. a3 Kg6 50. c4 Kf6 51. Ka4 Ke6 52. Kxa5 Kd6 53. Kb5 Re2 54. b3 Re5 55. Kb6 Rf5 56. a4 Rh5 57. a5 Rf5 58. Nxc5 Rxc5 59. a6 Rc6+ 60. Kb7 Rc7+ 0-1

[Event "US Open-99"]
[Site "Kailua Kona"]
[Date "1998.08.06"]
[Round "6"]
[White "Mont Reynaud, Jordy"]
[Black "Welling, Gerard J"]
[Result "0-1"]
[WhiteElo "2125"]
[BlackElo "2350"]
[PlyCount "79"]
[EventDate "1998.08.01"]
[EventType "swiss"]
[EventRounds "9"]
[EventCountry "USA"]
[SourceTitle "EXT 1999"]
[Source "ChessBase"]
[SourceDate "1998.11.16"]
[SourceVersion "1"]
[SourceVersionDate "1998.11.16"]
[SourceQuality "1"]

1. d4 e6 2. c4 f5 3. Nf3 Nf6 4. g3 Be7 5. Bg2 0-0 6. 0-0 d6 7. Nc3 Qe8 8. Re1 Qg6 9. Qc2 Nc6 10. d5 Nb4 11. Qb3 Na6 12. dxe6 Nc5 13. Qc2 Bxe6 14. b4 Nce4 15. Nd4 Bd7 16. Nd5 Bd8 17. Nf4 Qe8 18. Nd3 c5 19. Nb3 cxb4 20. Nxb4 a5 21. Nd3 a4 22. Nd4 Rc8 23. f3 b5 24. fxe4 Rxc4 25. Qb2 fxe4 26. Nf2 Ba5 27. Nc2 Qc8 28. Rf1 Rxc2 29. Qa3 d5 30. Qe3 Qc6 31. Qg5 Rxe2 32. Bf4 Bb6 33. Rac1 Qb7 34. Bd6 Rc8 35. Rxc8+ Qxc8 36. Be5 Rxf2 37. Rxf2 Qc2 38. Qf4 Qxf2+ 39. Qxf2 Bxf2+ 40. Kxf2 0-1

[Event "US Masters op"]
[Site "Hawaii"]
[Date "1998.07.29"]
[Round "9"]
[White "Kelleher, William"]
[Black "Mont Reynaud, Jordy"]
[Result "1-0"]
[WhiteElo "2400"]
[BlackElo "2125"]
[PlyCount "75"]
[EventDate "1998.07.??"]
[EventType "swiss"]
[EventRounds "9"]
[EventCountry "USA"]
[SourceTitle "EXT 1999"]
[Source "ChessBase"]
[SourceDate "1998.11.16"]
[SourceVersion "1"]
[SourceVersionDate "1998.11.16"]
[SourceQuality "1"]

1. e4 c5 2. Nf3 Nc6 3. c3 Nf6 4. e5 Nd5 5. d4 cxd4 6. Bc4 Nb6 7. Bb3 d5 8. exd6 Qxd6 9. 0-0 d3 10. Na3 Bf5 11. Nb5 Qb8 12. Nh4 Bg6 13. Qf3 Ne5 14. Qg3 a6 15. Bf4 Nbd7 16. Rfe1 axb5 17. Nxg6 hxg6 18. Rxe5 Nxe5 19. Bxe5 Qc8 20. Qxd3 e6 21. Rd1 Qc6 22. a4 Be7 23. axb5 Qb6 24. Qd7+ Kf8 25. Bd4 Qd6 26. Bxg7+ Kxg7 27. Rxd6 Rhd8 28. g3 Bxd6 29. Qxb7 Bc5 30. Bxe6 Ra7 31. Qe4 Rd1+ 32. Kg2 Kh7 33. Qc6 Bxf2 34. Kxf2 fxe6 35. Ke3 Rad7 36. b6 R1d6 37. Qc8 Rd8 38. b7 1-0

[Event "US Masters op"]
[Site "Hawaii"]
[Date "1998.07.26"]
[Round "6"]
[White "Mont Reynaud, Jordy"]
[Black "Whitehead, Jay E"]
[Result "0-1"]
[WhiteElo "2125"]
[BlackElo "2410"]
[PlyCount "66"]
[EventDate "1998.07.??"]
[EventType "swiss"]
[EventRounds "9"]
[EventCountry "USA"]
[SourceTitle "EXT 1999"]
[Source "ChessBase"]
[SourceDate "1998.11.16"]
[SourceVersion "1"]
[SourceVersionDate "1998.11.16"]
[SourceQuality "1"]

1. d4 Nf6 2. c4 d6 3. Nc3 Bf5 4. Nf3 g6 5. g3 Ne4 6. Nxe4 Bxe4 7. Bg2 Bg7 8. 0-0 0-0 9. b3 c5 10. e3 Nc6 11. Bb2 d5 12. Ne5 Nxe5 13. dxe5 Bxg2 14. Kxg2 dxc4 15. bxc4 Qb6 16. Qc2 Qe6 17. f4 f6 18. exf6 Bxf6 19. Bxf6 exf6 20. f5 Qc6+ 21. e4 Rae8 22. Rae1 Re5 23. fxg6 hxg6 24. Kg1 Rfe8 25. Rf4 Kg7 26. Qd2 Rxe4 27. Rexe4 Rxe4 28. Rxe4 Qxe4 29. Qd7+ Kh6 30. Qf7 Qb1+ 31. Kg2 Qxa2+ 32. Kh3 Qf2 33. Qxb7 Qf1+ 0-1

[Event "USA-ch cadet"]
[Site "Nashville"]
[Date "1998.??.??"]
[Round "2"]
[White "Bhat, Vinay S"]
[Black "Mont Reynaud, Jordy"]
[Result "1-0"]
[WhiteElo "2255"]
[BlackElo "2125"]
[PlyCount "45"]
[EventDate "1998.07.??"]
[EventType "tourn"]
[EventRounds "7"]
[EventCountry "USA"]
[SourceTitle "EXT 1999"]
[Source "ChessBase"]
[SourceDate "1998.11.16"]
[SourceVersion "1"]
[SourceVersionDate "1998.11.16"]
[SourceQuality "1"]

1. e4 c5 2. Nf3 Nc6 3. Bb5 g6 4. Bxc6 dxc6 5. h3 e5 6. d3 Bg7 7. Be3 Qe7 8. Qd2 Nf6 9. Nc3 Nd7 10. Bh6 f6 11. Ne2 Nf8 12. Bxg7 Qxg7 13. Nh2 Ne6 14. f4 exf4 15. Nxf4 0-0 16. 0-0 f5 17. exf5 Rxf5 18. Nxe6 Bxe6 19. Qe3 Re5 20. Qg3 Re8 21. b3 Bd5 22. Ng4 R5e6 23. c4 1-0

[Event "USA-chT Amateur East"]
[Site "Parsippany"]
[Date "1998.??.??"]
[Round "6"]
[White "Encarnacion, Ernesto"]
[Black "Mont Reynaud, Jordy"]
[Result "1-0"]
[WhiteElo "2235"]
[BlackElo "2125"]
[PlyCount "60"]
[EventDate "1998.??.??"]
[EventType "team"]
[EventRounds "6"]
[EventCountry "USA"]
[SourceTitle "EXT 1999"]
[Source "ChessBase"]
[SourceDate "1998.11.16"]
[SourceVersion "1"]
[SourceVersionDate "1998.11.16"]
[SourceQuality "1"]

1. Nf3 Nf6 2. d4 g6 3. Bg5 Bg7 4. Nbd2 d5 5. e3 0-0 6. Ne5 c5 7. c3 Nc6 8. Nxc6 bxc6 9. dxc5 a5 10. Qa4 Rb8 11. 0-0-0 Qc7 12. f3 h6 13. Bh4 Nd7 14. Bxe7 Nb6 15. cxb6 Qxe7 16. Qxc6 Qxe3 17. Qxd5 Bxc3 18. Qd3 Bxd2+ 19. Rxd2 Qxb6 20. Qd4 Qb7 21. Bc4 Bf5 22. Bd5 Rbc8+ 23. Kd1 Qb5 24. Qf6 Qc5 25. Qc3 Qb6 26. Qd4 Qc7 27. Ke2 Rcd8 28. Qc3 Qb8 29. Rhd1 Rc8 30. Qd4 Qc7 1-0

[Event "US Masters op"]
[Site "Hawaii"]
[Date "1998.??.??"]
[Round "3"]
[White "Mont Reynaud, Jordy"]
[Black "Watson, John L"]
[Result "1-0"]
[WhiteElo "2125"]
[BlackElo "2370"]
[PlyCount "107"]
[EventDate "1998.07.??"]
[EventType "swiss"]
[EventRounds "9"]
[EventCountry "USA"]
[SourceTitle "EXT 1999"]
[Source "ChessBase"]
[SourceDate "1998.11.16"]
[SourceVersion "1"]
[SourceVersionDate "1998.11.16"]
[SourceQuality "1"]

1. d4 Nf6 2. c4 g6 3. Nc3 Bg7 4. e4 d6 5. Be2 0-0 6. Bg5 Na6 7. Qd2 e5 8. d5 c6 9. Bd3 Nc5 10. Bc2 a5 11. Nge2 cxd5 12. cxd5 Bd7 13. a4 Qb6 14. 0-0 Ng4 15. h3 f6 16. Bh4 Nh6 17. Kh1 Nf7 18. f3 Bh6 19. Qd1 Qd8 20. Bd3 Be3 21. Bb5 Bc8 22. Qc2 Kg7 23. Kh2 b6 24. Rae1 Ra7 25. Bf2 Bxf2 26. Rxf2 f5 27. exf5 Bxf5 28. Qd2 Qh4 29. Ng3 Bxh3 30. Nge4 Bf5+ 31. Kg1 Bxe4 32. Nxe4 Rc7 33. Bc6 Nb3 34. Qc3 Nd4 35. b4 axb4 36. Qxb4 Nxc6 37. Qxb6 Rfc8 38. Rc1 Qe7 39. Rxc6 Rxc6 40. dxc6 d5 41. Nc5 Nd8 42. Nb7 Rxc6 43. Qxd8 Qxb7 44. Qe8 Rc1+ 45. Kh2 Qc7 46. Re2 e4+ 47. g3 Rc3 48. f4 h5 49. Rf2 Ra3 50. Qe6 e3 51. Rb2 Rb3 52. Re2 d4 53. Qxb3 Qd7 54. Qd3 1-0

[Event "USA-ch cadet"]
[Site "Nashville"]
[Date "1998.??.??"]
[Round "6"]
[White "Mont Reynaud, Jordy"]
[Black "Zaremba, Andrie"]
[Result "1/2-1/2"]
[WhiteElo "2125"]
[BlackElo "2245"]
[PlyCount "109"]
[EventDate "1998.07.??"]
[EventType "tourn"]
[EventRounds "7"]
[EventCountry "USA"]
[SourceTitle "EXT 1999"]
[Source "ChessBase"]
[SourceDate "1998.11.16"]
[SourceVersion "1"]
[SourceVersionDate "1998.11.16"]
[SourceQuality "1"]

1. d4 d5 2. c4 c6 3. Nf3 Nf6 4. Nc3 dxc4 5. a4 Bf5 6. e3 e6 7. Bxc4 Bb4 8. 0-0 0-0 9. h3 Nbd7 10. Qe2 Bg6 11. Nh4 e5 12. Nxg6 hxg6 13. Rd1 exd4 14. exd4 Nb6 15. Ba2 Nbd5 16. Bd2 Ba5 17. Qf3 Nb4 18. Bb3 Qxd4 19. Be3 Qe5 20. Bd4 Qg5 21. Bxf6 Qxf6 22. Qxf6 gxf6 23. Rd7 Na6 24. Ne4 f5 25. Ng5 Nc5 26. Bxf7+ Kh8 27. Rd4 Ne4 28. Nxe4 Rxf7 29. Ng5 Re7 30. Rad1 Rae8 31. Rd7 Kg7 32. h4 Bb4 33. R1d4 Rxd7 34. Rxd7+ Re7 35. Rxe7+ Bxe7 36. Nf3 Kf6 37. Kf1 Ke6 38. Ke2 Kd5 39. g3 Bf6 40. b3 Kc5 41. Kd3 Kb4 42. Kc2 Bc3 43. Ng5 b5 44. axb5 cxb5 45. Ne6 a5 46. Nf4 Bd4 47. Nxg6 a4 48. bxa4 bxa4 49. Ne7 Bxf2 50. Nxf5 a3 51. h5 Be1 52. Ne3 Bxg3 53. Nd5+ Kc4 54. Nb6+ Kb5 55. Kb3 1/2-1/2